[Event "Bundesliga 9900"]
[Site "Deutschland"]
[Date "1999.10.10"]
[Round "2.3"]
[White "Gallagher, Joseph G"]
[Black "Wahls, Matthias"]
[Result "0-1"]
[WhiteElo "2521"]
[BlackElo "2582"]
[PlyCount "78"]
[EventDate "1999.10.09"]
[EventType "team"]
[EventRounds "15"]
[EventCountry "GER"]
[SourceTitle "Bundesliga 9900"]
[Source "DeepChess"]
[SourceDate "2005.01.01"]
[SourceVersion "1"]
[SourceVersionDate "2005.01.01"]
[SourceQuality "1"]
[WhiteTeam "SV Castrop Rauxel 1923"]
[BlackTeam "Hamburger SK 1830 e.V."]
[WhiteTeamCountry "GER"]
[BlackTeamCountry "GER"]

1. e4 c5 2. Nf3 d6 3. d4 cxd4 4. Nxd4 Nf6 5. Nc3 a6 6. a4 g6 7. Be2 Bg7 8. O-O
O-O 9. f4 Nc6 10. Be3 Bd7 11. Nb3 Be6 12. Qd2 Rc8 13. Bf3 Na5 14. Nxa5 Qxa5 15.
Nd5 Qxd2 16. Nxe7+ Kh8 17. Bxd2 Rxc2 18. Bb4 Rd8 19. f5 Bc4 20. Rfc1 Bd3 21.
Rxc2 Bxc2 22. Rc1 Bxe4 23. Rc7 Ne8 24. Rc1 Bxf3 25. gxf3 Bxb2 26. Rc2 Bd4+ 27.
Kf1 Rd7 28. Nd5 Nf6 29. Rc8+ Kg7 30. Nc7 gxf5 31. a5 Be5 32. Na8 Nd5 33. Nb6
Rc7 34. Rxc7 Nxc7 35. h3 f6 36. Ke2 Kf7 37. Ke3 Ke6 38. f4 Bb2 39. Kd3 Bc1 0-1

[Event "Bundesliga 9900"]
[Site "Deutschland"]
[Date "1999.10.10"]
[Round "2.4"]
[White "Mueller, Karsten"]
[Black "Seul, Georg"]
[Result "1-0"]
[WhiteElo "2533"]
[BlackElo "2445"]
[PlyCount "119"]
[EventDate "1999.10.09"]
[EventType "team"]
[EventRounds "15"]
[EventCountry "GER"]
[SourceTitle "Bundesliga 9900"]
[Source "DeepChess"]
[SourceDate "2005.01.01"]
[SourceVersion "1"]
[SourceVersionDate "2005.01.01"]
[SourceQuality "1"]
[WhiteTeam "Hamburger SK 1830 e.V."]
[BlackTeam "SV Castrop Rauxel 1923"]
[WhiteTeamCountry "GER"]
[BlackTeamCountry "GER"]

1. e4 d6 2. d4 g6 3. Nc3 Bg7 4. Nf3 Nf6 5. Bg5 c6 6. a4 O-O 7. h3 Nbd7 8. e5
dxe5 9. dxe5 Nd5 10. Nxd5 cxd5 11. Qxd5 Nxe5 12. O-O-O Qxd5 13. Rxd5 Nxf3 14.
gxf3 Be6 15. Rb5 Rfd8 16. Bd3 Bd5 17. Be4 Bxe4 18. fxe4 b6 19. Rd5 f6 20. Be3
e6 21. Rxd8+ Rxd8 22. Rd1 Rxd1+ 23. Kxd1 f5 24. c3 Bf6 25. Kc2 g5 26. b4 f4 27.
Bd2 Kf7 28. Kd3 a6 29. f3 Ke8 30. Be1 Kd7 31. Kc4 Kc6 32. b5+ axb5+ 33. axb5+
Kc7 34. Bf2 h5 35. Bd4 Be7 36. Kd3 Bd8 37. Bg7 Be7 38. c4 Kd7 39. Bd4 Kc7 40.
Be5+ Kd7 41. Bd4 Kc7 42. Bg7 Bc5 43. Bf6 Bf2 44. Bxg5 e5 45. Kc3 Bc5 46. Bh4
Kd7 47. Kb3 Kc7 48. Be1 Kd7 49. Bb4 Kc7 50. Ba3 Bd4 51. Bf8 Be3 52. Kb4 Bd2+
53. Kb3 Be3 54. c5 bxc5 55. Kc4 Kb6 56. Be7 Bf2 57. Bd8+ Kb7 58. Bf6 Bd4 59.
Be7 Kb6 60. Bd6 1-0

[Event "Bundesliga 9900"]
[Site "Deutschland"]
[Date "1999.10.10"]
[Round "2.5"]
[White "Bosch, Jeroen"]
[Black "Heinemann, Thies"]
[Result "1/2-1/2"]
[WhiteElo "2433"]
[BlackElo "2489"]
[PlyCount "108"]
[EventDate "1999.10.09"]
[EventType "team"]
[EventRounds "15"]
[EventCountry "GER"]
[SourceTitle "Bundesliga 9900"]
[Source "DeepChess"]
[SourceDate "2005.01.01"]
[SourceVersion "1"]
[SourceVersionDate "2005.01.01"]
[SourceQuality "1"]
[WhiteTeam "SV Castrop Rauxel 1923"]
[BlackTeam "Hamburger SK 1830 e.V."]
[WhiteTeamCountry "GER"]
[BlackTeamCountry "GER"]

1. e4 c5 2. Nf3 d6 3. d4 Nf6 4. Nc3 cxd4 5. Nxd4 a6 6. a4 e5 7. Nf3 Qc7 8. Bg5
Nbd7 9. Nd2 h6 10. Bh4 g5 11. Bg3 Nc5 12. h4 Bg7 13. hxg5 hxg5 14. Rxh8+ Bxh8
15. Bc4 Be6 16. Qe2 Rc8 17. Nd5 Qc6 18. Nxf6+ Bxf6 19. Bxe6 Nxe6 20. c3 Ke7 21.
Kf1 Bg7 22. Qd3 Rd8 23. Qc4 d5 24. exd5 Qxd5 25. Qxd5 Rxd5 26. Nc4 Rc5 27. Ne3
Nf4 28. Nf5+ Kf6 29. Nd6 Rc6 30. Nxb7 Rb6 31. Nc5 Rxb2 32. Nxa6 Bf8 33. a5 e4
34. c4 Rc2 35. Nb8 Ke6 36. a6 Bc5 37. Nc6 Nh5 38. a7 Nxg3+ 39. fxg3 Rf2+ 40.
Ke1 Bxa7 41. Rxa7 Rxg2 42. Nd8+ Ke5 43. Nxf7+ Kd4 44. Nd6 Ke5 45. c5 Rxg3 46.
Re7+ Kd5 47. Nxe4 Rg2 48. Kf1 Rh2 49. Re8 g4 50. Kg1 Rc2 51. Re7 Rb2 52. Re8
Rc2 53. Nf6+ Kc6 54. Ne4 Kd5 1/2-1/2

[Event "Bundesliga 9900"]
[Site "Deutschland"]
[Date "1999.10.10"]
[Round "2.5"]
[White "Hansen, Sune Berg"]
[Black "Hoffmann, Michael"]
[Result "1-0"]
[WhiteElo "2558"]
[BlackElo "2439"]
[PlyCount "49"]
[EventDate "1999.10.09"]
[EventType "team"]
[EventRounds "15"]
[EventCountry "GER"]
[SourceTitle "Bundesliga 9900"]
[Source "DeepChess"]
[SourceDate "2005.01.01"]
[SourceVersion "1"]
[SourceVersionDate "2005.01.01"]
[SourceQuality "1"]
[WhiteTeam "Hamburger SK 1830 e.V."]
[BlackTeam "SV Castrop Rauxel 1923"]
[WhiteTeamCountry "GER"]
[BlackTeamCountry "GER"]

1. e4 c6 2. c4 d5 3. exd5 cxd5 4. cxd5 Nf6 5. Nc3 Nxd5 6. Nf3 e6 7. Bc4 Nc6 8.
O-O Be7 9. d4 O-O 10. Re1 Qd6 11. Bb3 Nxc3 12. bxc3 b6 13. Ng5 Bxg5 14. Bxg5
Ba6 15. Re3 h6 16. Bh4 Qf4 17. Bg3 Qg5 18. h4 Qf6 19. Qg4 Ne7 20. Be5 Qg6 21.
Qh3 Nf5 22. Bc2 f6 23. Bd6 Bc4 24. Bxf8 Rxf8 25. Rae1 1-0

[Event "Bundesliga 9900"]
[Site "Deutschland"]
[Date "1999.10.10"]
[Round "2.6"]
[White "Watson, William N"]
[Black "Wilhelmi, Christian"]
[Result "0-1"]
[WhiteElo "2535"]
[BlackElo "2413"]
[PlyCount "86"]
[EventDate "1999.10.09"]
[EventType "team"]
[EventRounds "15"]
[EventCountry "GER"]
[SourceTitle "Bundesliga 9900"]
[Source "DeepChess"]
[SourceDate "2005.01.01"]
[SourceVersion "1"]
[SourceVersionDate "2005.01.01"]
[SourceQuality "1"]
[WhiteTeam "SV Castrop Rauxel 1923"]
[BlackTeam "Hamburger SK 1830 e.V."]
[WhiteTeamCountry "GER"]
[BlackTeamCountry "GER"]

1. e4 c5 2. Nc3 e6 3. f4 d5 4. Nf3 dxe4 5. Nxe4 Be7 6. g3 Nf6 7. Nf2 b6 8. Bg2
Bb7 9. b3 Nc6 10. O-O Qc7 11. Bb2 Rd8 12. c4 O-O 13. Qe2 Ne8 14. Nd3 Nd6 15. g4
Rfe8 16. Rae1 Bf8 17. Nde5 a6 18. Ng5 h6 19. Ngf3 b5 20. d3 Ne7 21. d4 bxc4 22.
bxc4 Rb8 23. Ba3 cxd4 24. Nxd4 Bxg2 25. Qxg2 Rec8 26. Rc1 Ne8 27. g5 hxg5 28.
Nxf7 Nf5 29. Bxf8 Qxf7 30. Nxf5 exf5 31. Ba3 g4 32. Rfe1 Nf6 33. Re7 Qg6 34.
Qd2 g3 35. h3 Rd8 36. Qe3 Re8 37. Re1 Rxe7 38. Bxe7 Ne4 39. c5 Rb2 40. Qa3 Rf2
41. Qb3+ Kh7 42. Bh4 Rxf4 43. Be7 Nd2 0-1

[Event "Bundesliga 9900"]
[Site "Deutschland"]
[Date "1999.10.10"]
[Round "2.8"]
[White "Gustafsson, Jan"]
[Black "Dinstuhl, Volkmar"]
[Result "1-0"]
[WhiteElo "2436"]
[BlackElo "2404"]
[PlyCount "47"]
[EventDate "1999.10.09"]
[EventType "team"]
[EventRounds "15"]
[EventCountry "GER"]
[SourceTitle "Bundesliga 9900"]
[Source "DeepChess"]
[SourceDate "2005.01.01"]
[SourceVersion "1"]
[SourceVersionDate "2005.01.01"]
[SourceQuality "1"]
[WhiteTeam "Hamburger SK 1830 e.V."]
[BlackTeam "SV Castrop Rauxel 1923"]
[WhiteTeamCountry "GER"]
[BlackTeamCountry "GER"]

1. d4 d5 2. c4 dxc4 3. Nf3 Nf6 4. e3 e6 5. Bxc4 c5 6. O-O a6 7. Bb3 Nc6 8. Nc3
cxd4 9. exd4 Be7 10. Re1 Na5 11. Bc2 b5 12. d5 Nxd5 13. Nxd5 Qxd5 14. Bd2 Qd8
15. Be4 Ra7 16. Bxa5 Qxa5 17. Qd4 Rc7 18. Qxg7 Rf8 19. Rac1 Bd6 20. Bc6+ Bd7
21. Bxd7+ Kxd7 22. Rcd1 Rcc8 23. Ng5 Kc6 24. Nxf7 1-0

[Event "Bundesliga 9900"]
[Site "Deutschland"]
[Date "1999.10.10"]
[Round "2.2"]
[White "Kindermann, Stefan"]
[Black "Nevednichy, Vladislav"]
[Result "1/2-1/2"]
[WhiteElo "2527"]
[BlackElo "2537"]
[PlyCount "180"]
[EventDate "1999.10.09"]
[EventType "team"]
[EventRounds "15"]
[EventCountry "GER"]
[SourceTitle "Bundesliga 9900"]
[Source "DeepChess"]
[SourceDate "2005.01.01"]
[SourceVersion "1"]
[SourceVersionDate "2005.01.01"]
[SourceQuality "1"]
[WhiteTeam "SK Koenig Plauen"]
[BlackTeam "PSV Turm Duisburg 1920 e.V."]
[WhiteTeamCountry "GER"]
[BlackTeamCountry "GER"]

1. e4 c5 2. Nf3 d6 3. d4 cxd4 4. Nxd4 Nf6 5. Nc3 Nc6 6. Bg5 e6 7. Qd2 a6 8.
O-O-O Bd7 9. f3 Be7 10. h4 h6 11. Be3 h5 12. Bg5 Qb6 13. Nxc6 Bxc6 14. Bd3
O-O-O 15. Kb1 Qc7 16. Rhe1 Rhe8 17. Qf4 Kb8 18. Qg3 Bf8 19. Bf1 Rc8 20. Bf4
Red8 21. Rd2 Ne8 22. Qf2 Nf6 23. Red1 Ka8 24. a3 Be7 25. Qg3 Ne8 26. Be3 Bf6
27. Bd4 Bxd4 28. Rxd4 Qe7 29. R4d2 g6 30. Qf4 Rd7 31. g3 Rdc7 32. Qe3 f5 33. f4
e5 34. Bh3 Qf6 35. fxe5 dxe5 36. Qg5 Qxg5 37. hxg5 Rf7 38. exf5 gxf5 39. Re1 e4
40. Nxe4 Bxe4 41. Rxe4 fxe4 42. Bxc8 e3 43. Rd8 Re7 44. Bg4+ Ka7 45. Be2 Kb6
46. Rd1 Re5 47. Bxh5 Ng7 48. Be2 Nf5 49. g6 Nxg3 50. Bd3 Nh5 51. Kc1 e2 52. Re1
Nf4 53. Kd2 Rg5 54. Rh1 Nxd3 55. cxd3 Rxg6 56. Re1 Kc5 57. Rxe2 Kd5 58. Re7 Kc6
59. Kc3 Rh6 60. Rg7 Rf6 61. Kc4 Rh6 62. Rg5 b6 63. Rg4 Rf6 64. a4 Rd6 65. Rg5
Kc7 66. d4 Rc6+ 67. Kd5 Rd6+ 68. Ke5 Kc6 69. Rg3 Rd5+ 70. Ke4 Rh5 71. Rg6+ Kc7
72. b4 Rh4+ 73. Kd5 Rh5+ 74. Ke6 Kc6 75. Rf6 Rd5 76. Rf4 Rd6+ 77. Ke5 Rd5+ 78.
Ke4 Rh5 79. Rf6+ Kc7 80. Rf7+ Kd6 81. Rf6+ Kc7 82. d5 Rh4+ 83. Rf4 Rh5 84. Rf7+
Kd6 85. Rf6+ Kc7 86. a5 Rh4+ 87. Ke5 Rxb4 88. Rxb6 Ra4 89. Rxa6 Ra1 90. Rc6+
Kd7 1/2-1/2

[Event "Bundesliga 9900"]
[Site "Deutschland"]
[Date "1999.10.10"]
[Round "2.3"]
[White "Miralles, Gilles"]
[Black "Bischoff, Klaus"]
[Result "1/2-1/2"]
[WhiteElo "2499"]
[BlackElo "2509"]
[PlyCount "47"]
[EventDate "1999.10.09"]
[EventType "team"]
[EventRounds "15"]
[EventCountry "GER"]
[SourceTitle "Bundesliga 9900"]
[Source "DeepChess"]
[SourceDate "2005.01.01"]
[SourceVersion "1"]
[SourceVersionDate "2005.01.01"]
[SourceQuality "1"]
[WhiteTeam "PSV Turm Duisburg 1920 e.V."]
[BlackTeam "SK Koenig Plauen"]
[WhiteTeamCountry "GER"]
[BlackTeamCountry "GER"]

1. e4 c5 2. Nf3 e6 3. d4 cxd4 4. Nxd4 a6 5. Nc3 Qc7 6. Be2 Nf6 7. O-O Be7 8. f4
d6 9. a4 Nc6 10. Be3 O-O 11. Kh1 Re8 12. Nb3 b6 13. Bf3 Nd7 14. Qd2 Bb7 15.
Rad1 Rad8 16. Qf2 Bf8 17. Rd2 Nc5 18. Rfd1 Nb4 19. h3 Rc8 20. f5 Nc6 21. Bf4
Ne5 22. fxe6 fxe6 23. Bxe5 dxe5 24. Qg3 1/2-1/2

[Event "Bundesliga 9900"]
[Site "Deutschland"]
[Date "1999.10.10"]
[Round "2.4"]
[White "Espig, Lutz"]
[Black "Unzicker, Wolfgang"]
[Result "1/2-1/2"]
[WhiteElo "2423"]
[BlackElo "2436"]
[PlyCount "74"]
[EventDate "1999.10.09"]
[EventType "team"]
[EventRounds "15"]
[EventCountry "GER"]
[SourceTitle "Bundesliga 9900"]
[Source "DeepChess"]
[SourceDate "2005.01.01"]
[SourceVersion "1"]
[SourceVersionDate "2005.01.01"]
[SourceQuality "1"]
[WhiteTeam "SK Koenig Plauen"]
[BlackTeam "PSV Turm Duisburg 1920 e.V."]
[WhiteTeamCountry "GER"]
[BlackTeamCountry "GER"]

1. Nf3 Nf6 2. c4 e6 3. g3 d5 4. b3 c5 5. Bg2 Nc6 6. O-O Be7 7. e3 O-O 8. Bb2 b6
9. Nc3 dxc4 10. bxc4 Bb7 11. Qe2 Rc8 12. Rfd1 Qc7 13. Rab1 Rfd8 14. Ba1 Ba8 15.
d3 Ne5 16. Nxe5 Qxe5 17. Bxa8 Rxa8 18. Nd5 Qd6 19. Nxf6+ Bxf6 20. Bxf6 gxf6 21.
d4 cxd4 22. Rxd4 Qe7 23. Rh4 f5 24. e4 Rd4 25. Qh5 f6 26. exf5 Rxh4 27. Qxh4
exf5 28. Rb5 Qe1+ 29. Kg2 Qe4+ 30. Qxe4 fxe4 31. c5 Kf7 32. Kf1 Rc8 33. cxb6
axb6 34. Rxb6 Rc1+ 35. Kg2 Rc2 36. Rb7+ Kg6 37. Re7 f5 1/2-1/2

[Event "Bundesliga 9900"]
[Site "Deutschland"]
[Date "1999.10.10"]
[Round "2.5"]
[White "Kraut, Rainer"]
[Black "Hackel, Mario"]
[Result "1-0"]
[WhiteElo "2453"]
[BlackElo "2353"]
[PlyCount "83"]
[EventDate "1999.10.09"]
[EventType "team"]
[EventRounds "15"]
[EventCountry "GER"]
[SourceTitle "Bundesliga 9900"]
[Source "DeepChess"]
[SourceDate "2005.01.01"]
[SourceVersion "1"]
[SourceVersionDate "2005.01.01"]
[SourceQuality "1"]
[WhiteTeam "PSV Turm Duisburg 1920 e.V."]
[BlackTeam "SK Koenig Plauen"]
[WhiteTeamCountry "GER"]
[BlackTeamCountry "GER"]

1. e4 g6 2. d4 Bg7 3. Nc3 d6 4. Be3 c6 5. a4 Nf6 6. h3 O-O 7. Nf3 Qc7 8. a5
Nbd7 9. Be2 e5 10. dxe5 dxe5 11. Bc4 h6 12. O-O Kh7 13. Qb1 Ne8 14. Rd1 Nd6 15.
Qa2 f5 16. Be6 f4 17. Qa3 fxe3 18. Qxd6 exf2+ 19. Kxf2 Qxd6 20. Rxd6 Nc5 21.
Bxc8 Raxc8 22. Rad1 Rf7 23. Ke3 Re8 24. b4 Ne6 25. Ne2 h5 26. Rd7 Ree7 27. Rxe7
Rxe7 28. Rd6 Bh6+ 29. Kd3 Nc7 30. Kc4 Ne8 31. Rd8 Nf6 32. Nc3 Be3 33. Rd6 Ne8
34. Rd3 Bf2 35. Nd1 Bg3 36. Ng5+ Kh6 37. Rxg3 h4 38. Rg4 Nf6 39. Nf3 Nxg4 40.
hxg4 Rd7 41. Nf2 b6 42. Nd3 1-0

[Event "Bundesliga 9900"]
[Site "Deutschland"]
[Date "1999.10.10"]
[Round "2.6"]
[White "Schaller, Sven"]
[Black "Thesing, Matthias"]
[Result "1/2-1/2"]
[WhiteElo "2308"]
[BlackElo "2444"]
[PlyCount "86"]
[EventDate "1999.10.09"]
[EventType "team"]
[EventRounds "15"]
[EventCountry "GER"]
[SourceTitle "Bundesliga 9900"]
[Source "DeepChess"]
[SourceDate "2005.01.01"]
[SourceVersion "1"]
[SourceVersionDate "2005.01.01"]
[SourceQuality "1"]
[WhiteTeam "SK Koenig Plauen"]
[BlackTeam "PSV Turm Duisburg 1920 e.V."]
[WhiteTeamCountry "GER"]
[BlackTeamCountry "GER"]

1. d4 d5 2. Nf3 Nf6 3. e3 c5 4. Bb5+ Bd7 5. Bd3 Nc6 6. O-O Bg4 7. c3 e6 8. Nbd2
cxd4 9. exd4 Bd6 10. Re1 O-O 11. Nf1 Qc7 12. Ng3 Rfe8 13. Bg5 Nh5 14. Bh4 h6
15. h3 Bxf3 16. Qxf3 Nxg3 17. Bxg3 Bxg3 18. fxg3 e5 19. Qxd5 exd4 20. cxd4 Qxg3
21. Rxe8+ Rxe8 22. Rf1 Qe3+ 23. Rf2 Qe6 24. Re2 Qc8 25. Bc4 Rf8 26. a3 Qc7 27.
Bb5 Rd8 28. Qc5 Qb6 29. Qxb6 axb6 30. Bxc6 bxc6 31. Rc2 Rd6 32. Rc4 Kf8 33. a4
b5 34. axb5 cxb5 35. Rc5 Rxd4 36. Rxb5 Rd2 37. Rb7 h5 38. Kh2 h4 39. b4 Rb2 40.
b5 g5 41. b6 Rb1 42. Rb8+ Kg7 43. g4 Rb2+ 1/2-1/2

[Event "Bundesliga 9900"]
[Site "Deutschland"]
[Date "1999.10.10"]
[Round "2.7"]
[White "Zude, Arno"]
[Black "Haskamp, Stephan"]
[Result "0-1"]
[WhiteElo "2372"]
[BlackElo "2297"]
[PlyCount "78"]
[EventDate "1999.10.09"]
[EventType "team"]
[EventRounds "15"]
[EventCountry "GER"]
[SourceTitle "Bundesliga 9900"]
[Source "DeepChess"]
[SourceDate "2005.01.01"]
[SourceVersion "1"]
[SourceVersionDate "2005.01.01"]
[SourceQuality "1"]
[WhiteTeam "PSV Turm Duisburg 1920 e.V."]
[BlackTeam "SK Koenig Plauen"]
[WhiteTeamCountry "GER"]
[BlackTeamCountry "GER"]

1. e4 g6 2. d4 Bg7 3. Nc3 c6 4. Bc4 b5 5. Bb3 a5 6. a3 d6 7. Nf3 Ba6 8. Ng5 e6
9. Qf3 Qe7 10. Be3 h6 11. Nh3 Nf6 12. Nf4 e5 13. dxe5 dxe5 14. Nd3 Nbd7 15. h4
Rc8 16. g4 c5 17. g5 c4 18. gxf6 Nxf6 19. Bb6 cxb3 20. Bxa5 bxc2 21. Bb4 Qe6
22. O-O Bf8 23. Rac1 Bxb4 24. Nxb4 O-O 25. Rxc2 Bb7 26. Rd1 Rc4 27. Re2 Ba8 28.
Qg2 Kg7 29. f3 Rfc8 30. Red2 Nh5 31. Rd6 Qe7 32. Qf2 Nf4 33. Kh2 Rxc3 34. bxc3
Rxc3 35. Ra6 Bxe4 36. fxe4 Rh3+ 37. Kg1 Rxh4 38. Qxh4 Qxh4 39. Rd2 Qe1+ 0-1

[Event "Bundesliga 9900"]
[Site "Deutschland"]
[Date "1999.10.10"]
[Round "2.8"]
[White "Kuraszkiewicz, Michael"]
[Black "Berg, Emanuel"]
[Result "1/2-1/2"]
[WhiteElo "2337"]
[BlackElo "2348"]
[PlyCount "93"]
[EventDate "1999.10.09"]
[EventType "team"]
[EventRounds "15"]
[EventCountry "GER"]
[SourceTitle "Bundesliga 9900"]
[Source "DeepChess"]
[SourceDate "2005.01.01"]
[SourceVersion "1"]
[SourceVersionDate "2005.01.01"]
[SourceQuality "1"]
[WhiteTeam "SK Koenig Plauen"]
[BlackTeam "PSV Turm Duisburg 1920 e.V."]
[WhiteTeamCountry "GER"]
[BlackTeamCountry "GER"]

1. d4 f5 2. g3 g6 3. Bg2 Nf6 4. Nh3 Bg7 5. c3 c6 6. Qb3 e6 7. Nd2 Qe7 8. O-O d5
9. Nf3 Nbd7 10. Nf4 Ne4 11. Nd3 g5 12. Nfe5 Nxe5 13. Nxe5 Bxe5 14. dxe5 b6 15.
Qa4 Bb7 16. Qb4 Rg8 17. a4 Nc5 18. a5 Nd7 19. Qb3 Ba6 20. axb6 axb6 21. c4 Kf7
22. Qf3 Kg6 23. b3 dxc4 24. bxc4 Nxe5 25. Qc3 Ng4 26. Bb2 Bb7 27. Rxa8 Rxa8 28.
e4 Nf6 29. Re1 Qf7 30. c5 bxc5 31. Qxc5 fxe4 32. Bxf6 Qxf6 33. Bxe4+ Kg7 34.
Qb6 Ba6 35. Bxc6 Rf8 36. Bg2 Rf7 37. h3 Bc4 38. Qe3 Bd5 39. Bxd5 exd5 40. Re2
Rd7 41. Qe8 Qf7 42. Qe5+ Qf6 43. Qe8 Rf7 44. Qe3 d4 45. Qe4 Rd7 46. Rd2 h6 47.
h4 1/2-1/2

[Event "Bundesliga 9900"]
[Site "Deutschland"]
[Date "1999.10.10"]
[Round "2.2"]
[White "Slobodjan, Roman"]
[Black "Babula, Vlastimil"]
[Result "0-1"]
[WhiteElo "2550"]
[BlackElo "2567"]
[PlyCount "90"]
[EventDate "1999.10.09"]
[EventType "team"]
[EventRounds "15"]
[EventCountry "GER"]
[SourceTitle "Bundesliga 9900"]
[Source "DeepChess"]
[SourceDate "2005.01.01"]
[SourceVersion "1"]
[SourceVersionDate "2005.01.01"]
[SourceQuality "1"]
[WhiteTeam "USC Magdeburg"]
[BlackTeam "SAbt SV Werder Bremen"]
[WhiteTeamCountry "GER"]
[BlackTeamCountry "GER"]

1. g3 Nf6 2. Bg2 d5 3. Nf3 c6 4. b3 Bg4 5. Bb2 Nbd7 6. d3 e6 7. Nbd2 Bc5 8. O-O
O-O 9. e4 dxe4 10. dxe4 e5 11. Qe1 Re8 12. Nc4 Qc7 13. Ne3 Bh5 14. Nf5 a5 15.
a3 Nf8 16. h3 N6d7 17. Qc3 Bxf3 18. Qxf3 Ne6 19. Rfd1 Bf8 20. h4 g6 21. Ne3 Nd4
22. Qg4 Nf6 23. Qh3 h5 24. Re1 Rad8 25. Rad1 Bh6 26. Bxd4 Rxd4 27. Rxd4 exd4
28. Nc4 b5 29. Nb2 c5 30. Bf1 Bd2 31. Rb1 c4 32. bxc4 Nxe4 33. cxb5 Nxf2 34.
Qg2 Be3 35. Nc4 Ng4+ 36. Nxe3 Nxe3 37. b6 Qc5 38. Rb5 Qd6 39. Qf3 Nxf1 40. Kxf1
Re3 41. Qg2 Rxg3 42. Qf2 Qxa3 43. Re5 Rf3 44. Re8+ Kg7 45. b7 Qc1+ 0-1

[Event "Bundesliga 9900"]
[Site "Deutschland"]
[Date "1999.10.10"]
[Round "2.3"]
[White "McShane, Luke J"]
[Black "Rogozenko, Dorian"]
[Result "0-1"]
[WhiteElo "2467"]
[BlackElo "2576"]
[PlyCount "84"]
[EventDate "1999.10.09"]
[EventType "team"]
[EventRounds "15"]
[EventCountry "GER"]
[SourceTitle "Bundesliga 9900"]
[Source "DeepChess"]
[SourceDate "2005.01.01"]
[SourceVersion "1"]
[SourceVersionDate "2005.01.01"]
[SourceQuality "1"]
[WhiteTeam "SAbt SV Werder Bremen"]
[BlackTeam "USC Magdeburg"]
[WhiteTeamCountry "GER"]
[BlackTeamCountry "GER"]

1. e4 e5 2. Nf3 Nc6 3. Bb5 a6 4. Ba4 Nf6 5. O-O Nxe4 6. d4 b5 7. Bb3 d5 8. dxe5
Be6 9. c3 Bc5 10. Bf4 g5 11. Be3 Bxe3 12. fxe3 g4 13. Nd4 Nxe5 14. Nd2 Nxd2 15.
Qxd2 Qg5 16. Qf2 O-O 17. Qg3 c5 18. Nf5 Ng6 19. Bc2 Rad8 20. a4 Rfe8 21. Nd6
Re7 22. axb5 axb5 23. Bxg6 hxg6 24. h4 Qh6 25. Ra6 b4 26. cxb4 cxb4 27. Rf4 b3
28. Rb6 Qg7 29. Rd4 Ra7 30. Ne4 Re8 31. Ng5 Bf5 32. Rb8 Rae7 33. Qd6 Rxe3 34.
Re4 R3xe4 35. Nxe4 Qd4+ 36. Nf2 Bc8 37. Qg3 Qxb2 38. Nxg4 Qd4+ 39. Kh2 b2 40.
Nh6+ Kg7 41. Rxc8 b1=Q 42. Rxe8 Qbg1+ 0-1

[Event "Bundesliga 9900"]
[Site "Deutschland"]
[Date "1999.10.10"]
[Round "2.4"]
[White "Baklan, Vladimir"]
[Black "Pelletier, Yannick"]
[Result "1/2-1/2"]
[WhiteElo "2591"]
[BlackElo "2479"]
[PlyCount "21"]
[EventDate "1999.10.09"]
[EventType "team"]
[EventRounds "15"]
[EventCountry "GER"]
[SourceTitle "Bundesliga 9900"]
[Source "DeepChess"]
[SourceDate "2005.01.01"]
[SourceVersion "1"]
[SourceVersionDate "2005.01.01"]
[SourceQuality "1"]
[WhiteTeam "USC Magdeburg"]
[BlackTeam "SAbt SV Werder Bremen"]
[WhiteTeamCountry "GER"]
[BlackTeamCountry "GER"]

1. e4 c5 2. c3 Nf6 3. e5 Nd5 4. Na3 Nc6 5. Nf3 Nb6 6. Be2 d6 7. exd6 e5 8. d4
cxd4 9. cxd4 e4 10. Ng5 Bxd6 11. Nxe4 1/2-1/2

[Event "Bundesliga 9900"]
[Site "Deutschland"]
[Date "1999.10.10"]
[Round "2.6"]
[White "Proehl, Holger"]
[Black "Schandorff, Lars"]
[Result "1/2-1/2"]
[WhiteElo "2389"]
[BlackElo "2514"]
[PlyCount "57"]
[EventDate "1999.10.09"]
[EventType "team"]
[EventRounds "15"]
[EventCountry "GER"]
[SourceTitle "Bundesliga 9900"]
[Source "DeepChess"]
[SourceDate "2005.01.01"]
[SourceVersion "1"]
[SourceVersionDate "2005.01.01"]
[SourceQuality "1"]
[WhiteTeam "USC Magdeburg"]
[BlackTeam "SAbt SV Werder Bremen"]
[WhiteTeamCountry "GER"]
[BlackTeamCountry "GER"]

1. e4 c5 2. c3 Nf6 3. e5 Nd5 4. g3 d6 5. exd6 e6 6. Bg2 Bxd6 7. Nf3 Nc6 8. O-O
O-O 9. d4 cxd4 10. Nxd4 Nxd4 11. Qxd4 Qc7 12. Nd2 Bd7 13. Qc4 Bc6 14. Qe2 Rfe8
15. Nf3 a6 16. c4 Nf6 17. b3 e5 18. Bb2 Bxf3 19. Qxf3 e4 20. Qe2 Be5 21. Rad1
Bxb2 22. Qxb2 Re5 23. Rfe1 Rae8 24. Qd4 h5 25. Re2 Qa5 26. Qd2 Qc5 27. Qd4 Qa5
28. Qd2 Qc5 29. Qd4 1/2-1/2

[Event "Bundesliga 9900"]
[Site "Deutschland"]
[Date "1999.10.10"]
[Round "2.7"]
[White "Heissler, Jakob"]
[Black "Markgraf, Alexander"]
[Result "1-0"]
[WhiteElo "2447"]
[BlackElo "2258"]
[PlyCount "31"]
[EventDate "1999.10.09"]
[EventType "team"]
[EventRounds "15"]
[EventCountry "GER"]
[SourceTitle "Bundesliga 9900"]
[Source "DeepChess"]
[SourceDate "2005.01.01"]
[SourceVersion "1"]
[SourceVersionDate "2005.01.01"]
[SourceQuality "1"]
[WhiteTeam "SAbt SV Werder Bremen"]
[BlackTeam "USC Magdeburg"]
[WhiteTeamCountry "GER"]
[BlackTeamCountry "GER"]

1. e4 g6 2. d4 Bg7 3. Nf3 c6 4. c4 d5 5. exd5 cxd5 6. cxd5 Nf6 7. Nc3 O-O 8.
Bc4 Nbd7 9. O-O Nb6 10. Bb3 Nbxd5 11. Ne5 b6 12. Nxd5 Nxd5 13. Nc6 Qd6 14. Bxd5
Bb7 15. Qf3 e6 16. Ne7+ 1-0